| 000 | 01318cab a2200205 4500 | ||
|---|---|---|---|
| 001 | WB4017-21 | ||
| 008 | 040506n2004 000 0 eng u | ||
| 035 | _a(Sirsi) u126120 | ||
| 245 | _aFarmers recover ground from city slickers | ||
| 260 | _c2004 | ||
| 490 |
_aRICS Press Release _v(pr038) 6 May 2004 (3) |
||
| 520 | _aThe latest "RICS rural land market survey Great Britain" for the first quarter 2004 reports that, despite rising land prices, farmers are buying land, encouraged by improving commodity prices in certain sectors. Records that individual farmer buyers now account for 43% of the market, up from 38% in the fourth quarter 2003. Demand for commercial farms is also rising steadily, with 43% more surveyors reporting a rise than a fall. There is a general decline in land supply, reflecting uncertainty over CAP reform impact on the market. Copies of the survey can be downloaded from http://www.rics.org/ricscms/bin/show?class=MarketS urvey&template=/includes/showmarketsurvey.html&id= 87. http://www.rics.org/ricscms/bin/show?class=PressRe lease&template=/includes/showpr.html&id=1168&facul ty=RICS | ||
| 590 | _aWB | ||
| 650 | _aFARMS | ||
| 650 | _aLAND PURCHASE | ||
| 650 | _aLAND SUPPLY | ||
| 650 | _aRICS RURAL LAND MARKET SURVEY GREAT BRITAIN | ||
| 690 | _aRURAL-MARKET | ||
| 942 | _n0 | ||
| 999 |
_c74390 _d74390 |
||